Japanese Football Player Quiz - Statistics

General Stats
  • This quiz has been taken 25 times
  • The average score is 30 of 73
Answer Stats
Club Name % Correct
Brighton/40m Kaoru Mitoma
96%
Sparta Rotterdam/0.85m Shunsuke Mito
91%
Real Socieda/30m Takefusa Kubo
91%
Liverpool/8m Wataru Endo
91%
Ghent/3m Atsuki Ito
87%
Celtic/15m Daizen Maeda
87%
Bayern Munich/25m Hiroki Ito
87%
Genk/8m Junya Ito
87%
Sint-Truidense/2.5m Ryotaro Ito
87%
Without Club(Arsenal)/18m Takehiro Tomiyasu
83%
Frankfurt/25m Ritsu Doan
78%
Leeds/10m Ao Tanaka
74%
Crystal Palace/12m Daichi Kamada
74%
Copenhagen/0.65m Junnosuke Suzuki
74%
Monaco/15m Takumi Minamino
74%
Freiburg/10m Yuito Suzuki
74%
Parma/20m Zion Suzuki
74%
Feyenoord/8m Ayase Ueda
65%
Ajax/12m Ko Itakura
65%
Southampton/11m Yukinari Sugawara
65%
Sporting/13m Hidemasa Morita
61%
Mainz/20m Kaishu Sano
61%
NEC/4m Kodai Sano
61%
Celtic/13m Reo Hatate
57%
Stade de Reims/8m Keito Nakamura
52%
Birmingham/9m Kyogo Furuhashi
52%
Feyenoord/9m Tsuyoshi Watanabe
48%
NEC/2.5m Koki Ogawa
43%
Mallorca/2.5m Takuma Asano
43%
St.Pauli/3m Joel Chima Fujita
39%
Hoffenheim/11m Koki Machida
39%
Tottenham Hotspur/2.5m Kota Takai
39%
Sint-Truidense/3m Leo Kokubo
39%
Le Havre/1m Ayumu Seko
35%
Westerlo/2.5m Isa Sakamoto
35%
NEC/0.85m Kento Shiogai
35%
Legia Warsaw/3m Ryoya Morishita
35%
Monchengladbach/5m Shuto Machino
35%
Coventry/4.5m Tatsuhiro Sakamoto
35%
Stoke/0.7m Tatsuki Seko
35%
AZ/4m Seiya Maikuma
30%
Birmingham/1.8m Tomoki Iwata
30%
Sint-Truidense/0.9m Rihito Yamamoto
26%
Blackburn/1.8m Yuki Ohashi
26%
Stade de Reims/1.2m Hiroki Sekine
22%
Djurgarden/4m Keita Kosugi
22%
Bochum/1.5m Koji Miyoshi
22%
Lommel/4m Koki Saito
22%
Southampton/2.4m Kuryu Matsuki
22%
Celtic/0.8m Shin Yamada
22%
Sint-Truidense/1m Shogo Taniguchi
22%
Salzburg/1.7m Takumu Kawamura
22%
Salzburg/3m Anrie Chase
17%
Genk/0.7m Ayumu Yokoyama
17%
Birmingham/4m Kanya Fujimoto
17%
Auxerre/1.5m Ado Onaiwu
13%
Slavia Prague/1.8m Daiki Hashioka
13%
Hannover/2.5m Daisuke Yokota
13%
Servette/3.5m Keigo Tsunemoto
13%
Sint-Truidense/1.2m Keisuke Goto
13%
Mainz/1.2m Sota Kawasaki
13%
Salzburg/0.6m Sota Kitano
13%
Bristol City/1m Yu Hirakawa
13%
Darmstadt/0.8m Hiroki Akiyama
9%
Monchengladbach/0.5m Shio Fukuda
9%
Brondby/0.75m Sho Fukuda
9%
Arouca/2m Taichi Fukui
9%
Antwerp/0.8m Taishi Brandon Nozawa
9%
Leuven/1.5m Takahiro Akimoto
9%
Leuven/1.3m Takuma Ominami
9%
Darmstadt/0.8m Yosuke Furukawa
9%
Antwerp/0.75m Yuto Tsunashima
9%
Westerlo/0.55m Seiji Kimura
4%
No matching quizzes found
Score Distribution
Percent of People with Each Score
Percentile by Number Answered
Your Score History
You have not taken this quiz